| 000 | 00472nam a2200181Ia 4500 | ||
|---|---|---|---|
| 008 | 191130s2013##################000#0#eng## | ||
| 020 | _a9789382156390 | ||
| 040 |
_aACL _cACL |
||
| 082 | _a301 WAR | ||
| 100 | _aWard, Lester F | ||
| 245 |
_aApplied sociology _cWard, Lester F |
||
| 260 |
_aNew Delhi _bSrishti Book Distributors _c2013 |
||
| 300 | _a304 p | ||
| 650 | _aSociology | ||
| 990 | _ad58bb103ac100b464171514ac1a40452 | ||
| 991 | _a447979 | ||
| 999 |
_c372116 _d372116 |
||